Safari

Bibliographic Details
Main Author: Rogers, Barbara RadCliffe
Format: Book
Published: London : J.B Fairfax , 1991
Subjects:

MARC

LEADER 00000cam a2200000 7i4500
001 0000002162
002 000002359
005 20000330.0
020 |a 1853912077 
090 0 0 |a 333.782   |b ROG 
100 1 |a Rogers, Barbara RadCliffe 
245 1 0 |a Safari   |c Barbara RadCliffe Rogers ; Principal Photography by Gerog Ellie and Stillman Rogers 
260 |a London :   |b J.B Fairfax ,   |c 1991 
300 |a 128p. :   |b ill.c28cm 
650 0 0 |a Safari 
650 0 0 |a Wildlife conservation 
999 |a 033710   |b BUKU   |c PINJAMAN   |e PERPUSTAKAAN KOMUNITI PETALING JAYA